00847nas a2200229Ia 4500001001100000003000900011008004100020040001300061040001300074041001300087100004300100210001600143222001600159245011600175250001100291260004300302501008600345300001900431362003400450500009700484650003600581R017/42714IT-RoPAU151124c99999999xx |||||||||||| ||und|| aIT-RoPAU cIT-RoPAU aITALIANO aAlvarez RaulgCodice Aut. SPICS: 5528 aFILMCRITICA aFilmcritica aFILMCRITICA, ANNO 32-N.314 (MAGGIO 1981)bModalita' D'Enunciazione E Prosodie Dello Sguardo In un Testo Filmico a1a ed. aMONTEPULCIANObEDITORI DEL GRIFOc1981 bPaulus - SPICS - Società San Paolo EM (non-commercial uses only)cCopyright2015 a6 p. [242-247] aANNO 032, N.314 (MAGGIO 1981) aMon Oncle D'Amerique di Alain Resnais. Ruoli Attoriali. Memoria Cognitiva.Memoria Temporale. aCINEMAvPUBBLICAZIONE PERIODICA